[Event "Sant Adria de Besos op 18th"]
[Site "Sant Adria de Besos"]
[Date "2024.04.14"]
[Round "2"]
[White "Poyato Duran, David"]
[Black "Ledo Garcia, Joan Benet"]
[Result "0-1"]
[WhiteElo "1935"]
[BlackElo "2147"]
[PlyCount "40"]
[EventDate "2024.04.07"]
[EventType "swiss"]
[EventRounds "9"]
[EventCountry "ESP"]
[SourceTitle "EXT 2025"]
[Source "ChessBase"]
[SourceDate "2024.10.14"]
[SourceVersion "1"]
[SourceVersionDate "2024.10.14"]
[SourceQuality "1"]

1. d4 Nf6 2. c4 e6 3. Nc3 Bb4 4. f3 d5 5. a3 Bxc3+ 6. bxc3 0-0 7. Nh3 c5 8. cxd5 exd5 9. Nf2 cxd4 10. cxd4 Nc6 11. Bg5 h6 12. Bd2 Re8 13. e3 Nxd4 14. Bc3 Nf5 15. e4 Qb6 16. Be2 dxe4 17. Rb1 Qc6 18. Bxf6 exf3 19. gxf3 Qxf6 20. Ne4 Qh4+ 0-1

[Event "Barcelona Sant Marti op 11th"]
[Site "Barcelona"]
[Date "2024.02.01"]
[Round "4"]
[White "Subirana Santos, Marc"]
[Black "Poyato Duran, David"]
[Result "0-1"]
[WhiteElo "1559"]
[BlackElo "1718"]
[PlyCount "56"]
[EventDate "2024.01.11"]
[EventType "swiss"]
[EventRounds "9"]
[EventCountry "ESP"]
[SourceTitle "CBM 219 Extra"]
[Source "ChessBase"]
[SourceDate "2024.05.31"]
[SourceVersion "1"]
[SourceVersionDate "2024.05.31"]
[SourceQuality "1"]

1. Nf3 d5 2. e3 c5 3. c4 d4 4. exd4 cxd4 5. d3 Nc6 6. a3 Bg4 7. Be2 Nf6 8. h3 Bh5 9. b4 a6 10. Nbd2 e5 11. 0-0 Bg6 12. Re1 Bd6 13. Nf1 0-0 14. Nh4 e4 15. Nxg6 fxg6 16. dxe4 Nxe4 17. Bf3 Nc3 18. Qb3 Kh8 19. Bb2 Qg5 20. Bxc6 bxc6 21. Bxc3 dxc3 22. Qxc3 Rf5 23. Ra2 Raf8 24. Rae2 Bc7 25. Qe3 Qf6 26. Qe7 Rxf2 27. Qxf6 R2xf6 28. Re8 Rxf1+ 0-1

[Event "Barcelona La Lira op 12th"]
[Site "Barcelona"]
[Date "2019.05.16"]
[Round "6"]
[White "Costa Trave, Jaume"]
[Black "Poyato Duran, David"]
[Result "1/2-1/2"]
[WhiteElo "1928"]
[BlackElo "1738"]
[PlyCount "84"]
[EventDate "2019.04.04"]
[EventType "swiss"]
[EventRounds "9"]
[EventCountry "ESP"]
[SourceTitle "CBM 190 Extra"]
[Source "ChessBase"]
[SourceDate "2019.07.15"]
[SourceVersion "1"]
[SourceVersionDate "2019.07.15"]
[SourceQuality "1"]

1. f4 d5 2. Nf3 Nf6 3. e3 c5 4. d4 cxd4 5. exd4 Bg4 6. c3 e6 7. Bd3 Bd6 8. 0-0 0-0 9. Qe1 Qc7 10. Ne5 Bf5 11. Qg3 Bxd3 12. Qxd3 Ne4 13. Nd2 f5 14. Nxe4 fxe4 15. Qh3 Qe7 16. Be3 Nc6 17. Rf2 Bxe5 18. fxe5 Rxf2 19. Bxf2 Rf8 20. Rf1 Qf7 21. g3 Qf5 22. Qxf5 exf5 23. Be3 h6 24. h4 Nd8 25. b3 b5 26. Ra1 Ne6 27. a4 Rb8 28. axb5 Rxb5 29. c4 Rxb3 30. cxd5 Rxe3 31. dxe6 Rxg3+ 32. Kf2 Rd3 33. Rxa7 Kf8 34. Rd7 Ke8 35. d5 f4 36. d6 e3+ 37. Kf3 e2+ 38. Kxe2 Re3+ 39. Kf2 Rxe5 40. Re7+ Kd8 41. Kf3 g5 42. hxg5 hxg5 1/2-1/2

[Event "Barcelona La Lira op 12th"]
[Site "Barcelona"]
[Date "2019.04.04"]
[Round "1"]
[White "Poyato Duran, David"]
[Black "Aubeso Duch, Miquel"]
[Result "1-0"]
[WhiteElo "1738"]
[BlackElo "1284"]
[PlyCount "47"]
[EventDate "2019.04.04"]
[EventType "swiss"]
[EventRounds "9"]
[EventCountry "ESP"]
[SourceTitle "CBM 190 Extra"]
[Source "ChessBase"]
[SourceDate "2019.07.15"]
[SourceVersion "1"]
[SourceVersionDate "2019.07.15"]
[SourceQuality "1"]

1. d4 d5 2. c4 Nf6 3. Nc3 e6 4. Bg5 Bb4 5. e3 Bxc3+ 6. bxc3 0-0 7. Nf3 Nbd7 8. Bd3 c6 9. 0-0 Qc7 10. Bf4 Qd8 11. Rc1 Re8 12. Ne5 Nf8 13. Bg5 Qc7 14. Bxf6 gxf6 15. Ng4 Qd8 16. Nh6+ Kg7 17. Qh5 Re7 18. f4 f5 19. g4 f6 20. gxf5 Qe8 21. Qg4+ Ng6 22. fxg6 Kxh6 23. Qh4+ Kg7 24. Qxh7+ 1-0

[Event "Barcelona Primavera La Lira op 11th"]
[Site "Barcelona"]
[Date "2018.04.26"]
[Round "3"]
[White "Costa Trave, Jaume"]
[Black "Poyato Duran, David"]
[Result "0-1"]
[WhiteElo "1950"]
[BlackElo "1742"]
[PlyCount "72"]
[EventDate "2018.04.12"]
[EventType "swiss"]
[EventRounds "9"]
[EventCountry "ESP"]
[SourceTitle "CBM 184 Extra"]
[Source "ChessBase"]
[SourceDate "2018.06.28"]
[SourceVersion "1"]
[SourceVersionDate "2018.06.28"]
[SourceQuality "1"]

1. d4 d5 2. Bf4 Nf6 3. Nc3 c6 4. e3 Bf5 5. Bd3 Bxd3 6. cxd3 e6 7. Qc2 Bd6 8. Nh3 0-0 9. 0-0-0 Bxf4 10. Nxf4 Nbd7 11. f3 a6 12. Kb1 b5 13. Ka1 c5 14. dxc5 Nxc5 15. d4 Nb7 16. g4 h6 17. h4 Nh7 18. Nd3 Qb6 19. f4 Rfc8 20. Qg2 a5 21. g5 h5 22. g6 Nf6 23. gxf7+ Kxf7 24. Ne5+ Kg8 25. Rhg1 Rc7 26. Qg6 Rf8 27. Nf3 Nd6 28. Ng5 Nf5 29. e4 Nxh4 30. Nxe6 Nxg6 31. Nxc7 Qxc7 32. Rxg6 dxe4 33. d5 Qxf4 34. d6 b4 35. Nb1 Rd8 36. a3 Rxd6 0-1

[Event "Barcelona Sant Marti op 7th"]
[Site "Barcelona"]
[Date "2018.01.18"]
[Round "2"]
[White "Poyato Duran, David"]
[Black "Nadal Fajardo, Ricard"]
[Result "1/2-1/2"]
[WhiteElo "1693"]
[BlackElo "1926"]
[PlyCount "57"]
[EventDate "2018.01.11"]
[EventType "swiss"]
[EventRounds "9"]
[EventCountry "ESP"]
[SourceTitle "EXT 2019"]
[Source "ChessBase"]
[SourceDate "2018.10.10"]
[SourceVersion "1"]
[SourceVersionDate "2018.10.10"]
[SourceQuality "1"]

1. d4 Nf6 2. c4 b6 3. Nc3 Bb7 4. Nf3 g6 5. Qc2 d5 6. cxd5 Nxd5 7. Nxd5 Bxd5 8. e4 Bb7 9. Bf4 Nd7 10. Bd3 Bg7 11. Qxc7 Qxc7 12. Bxc7 0-0 13. 0-0 Nf6 14. Rfe1 Rac8 15. Be5 Rfd8 16. h3 Nd7 17. Bxg7 Kxg7 18. Rac1 Nc5 19. dxc5 Rxd3 20. Ne5 Rd2 21. c6 Ba8 22. Red1 Rxd1+ 23. Rxd1 Bxc6 24. Nxc6 Rxc6 25. Rd7 Rc1+ 26. Kh2 Rc2 27. Rxe7 Rxf2 28. Rxa7 Rxb2 29. Kg3 1/2-1/2

[Event "Barcelona Sant Marti op-B 5th"]
[Site "Barcelona"]
[Date "2016.02.11"]
[Round "5"]
[White "Poyato Duran, David"]
[Black "Riera Danes, Manel"]
[Result "1-0"]
[WhiteElo "1679"]
[BlackElo "1925"]
[PlyCount "99"]
[EventDate "2016.01.14"]
[EventType "swiss"]
[EventRounds "9"]
[EventCountry "ESP"]
[SourceTitle "EXT 2017"]
[Source "ChessBase"]
[SourceDate "2016.10.25"]
[SourceVersion "1"]
[SourceVersionDate "2016.10.25"]
[SourceQuality "1"]

1. d4 Nf6 2. c4 g6 3. Nc3 Bg7 4. e4 d6 5. Nf3 0-0 6. Bg5 Bg4 7. Be2 Nfd7 8. Rc1 Nc6 9. d5 Bxf3 10. Bxf3 Nd4 11. 0-0 Ne5 12. Be2 c5 13. f4 Nd7 14. f5 Ne5 15. Qd2 f6 16. Be3 Nxe2+ 17. Nxe2 g5 18. Ng3 a6 19. Qe2 b5 20. b3 b4 21. h4 h6 22. hxg5 fxg5 23. Kf2 Rf6 24. Nh5 Nf7 25. Nxf6+ Bxf6 26. Rh1 Qf8 27. Rh3 Qg7 28. Rch1 Kh7 29. Qc2 a5 30. Rg3 Rg8 31. Bc1 g4 32. Bf4 Bd4+ 33. Ke2 Be5 34. Bxe5 Qxe5 35. Qd3 Rg5 36. Rf1 h5 37. Re3 Qh2 38. f6 exf6 39. e5+ Kg8 40. e6 Ne5 41. Qe4 f5 42. Rxf5 Rxf5 43. Qxf5 Qxg2+ 44. Qf2 Qxf2+ 45. Kxf2 Kf8 46. Kg3 Ng6 47. Re1 Ne5 48. Rf1+ Ke8 49. Rf5 Nd3 50. Rxh5 1-0

[Event "Barcelona Sant Marti op-B 16th"]
[Site "Barcelona"]
[Date "2014.07.17"]
[Round "5"]
[White "Pujal Moncho, Joaquim"]
[Black "Poyato Duran, David"]
[Result "1/2-1/2"]
[WhiteElo "1997"]
[BlackElo "1878"]
[PlyCount "92"]
[EventDate "2014.07.13"]
[EventType "swiss"]
[EventRounds "9"]
[EventCountry "ESP"]
[SourceTitle "CBM 161 Extra"]
[Source "ChessBase"]
[SourceDate "2014.08.29"]
[SourceVersion "1"]
[SourceVersionDate "2014.08.29"]
[SourceQuality "1"]

1. c4 Nf6 2. Nc3 e5 3. Nf3 d6 4. e4 Bg4 5. d3 Be7 6. h3 Bh5 7. Be3 0-0 8. g4 Bg6 9. Qd2 c5 10. Be2 Nc6 11. h4 h5 12. gxh5 Bxh5 13. Ng5 Bxe2 14. Qxe2 Nd4 15. Bxd4 exd4 16. Nd5 Nxd5 17. cxd5 Bxg5 18. hxg5 Qxg5 19. Kf1 Rae8 20. Rg1 Qh4 21. f3 Qh3+ 22. Qg2 Qxg2+ 23. Rxg2 f5 24. Ke2 fxe4 25. fxe4 b5 26. Rag1 Rf7 27. Rg6 Rd7 28. b3 a5 29. Kd2 Rf8 30. Ke2 Kh7 31. R6g2 Rf6 32. Rh1+ Rh6 33. Rhg1 Rf7 34. a3 Rh3 35. Rg3 Rxg3 36. Rxg3 a4 37. bxa4 bxa4 38. e5 dxe5 39. Rg5 Rd7 40. Rxe5 Kg6 41. d6 c4 42. Rd5 cxd3+ 43. Kxd3 Kf6 44. Rxd4 g5 45. Rxa4 Rxd6+ 46. Ke3 Ke5 1/2-1/2

[Event "Barcelona Sant Marti op-B 16th"]
[Site "Barcelona"]
[Date "2014.07.16"]
[Round "4"]
[White "Poyato Duran, David"]
[Black "Flores Linan, Josep Luis"]
[Result "1/2-1/2"]
[WhiteElo "1878"]
[BlackElo "2016"]
[PlyCount "98"]
[EventDate "2014.07.13"]
[EventType "swiss"]
[EventRounds "9"]
[EventCountry "ESP"]
[SourceTitle "CBM 161 Extra"]
[Source "ChessBase"]
[SourceDate "2014.08.29"]
[SourceVersion "1"]
[SourceVersionDate "2014.08.29"]
[SourceQuality "1"]

1. d4 Nf6 2. c4 g6 3. Nc3 Bg7 4. e4 d6 5. f4 0-0 6. Nf3 c5 7. d5 Na6 8. Be2 Bd7 9. 0-0 Nc7 10. Be3 Ng4 11. Qd2 Nxe3 12. Qxe3 a6 13. a4 b5 14. axb5 axb5 15. Rxa8 Qxa8 16. Nxb5 Nxb5 17. cxb5 Bxb2 18. Qb3 Qa3 19. Qxa3 Bxa3 20. Ra1 Ra8 21. Kf1 Ra5 22. b6 Bc8 23. Nd2 Bb4 24. Rxa5 Bxa5 25. Nc4 Bc3 26. e5 Bb7 27. exd6 exd6 28. Nxd6 Bxd5 29. b7 Bxb7 30. Nxb7 Bd4 31. Bc4 Kg7 32. Ke2 f5 33. Kf3 Kf6 34. Nd6 h6 35. h4 g5 36. fxg5+ hxg5 37. h5 g4+ 38. Ke2 Be5 39. Nf7 Bd4 40. h6 Kg6 41. Nd6 Be5 42. h7 Kxh7 43. Nxf5 Kg6 44. Ne3 Kg5 45. Be6 Bd4 46. Nxg4 Kf4 47. Nf2 Kg3 48. Ne4+ Kxg2 49. Nxc5 Bxc5 1/2-1/2

[Event "Barcelona Sant Marti op-B 15th"]
[Site "Barcelona"]
[Date "2013.07.21"]
[Round "9"]
[White "Alquezar Calpena, Marc"]
[Black "Poyato Duran, David"]
[Result "0-1"]
[WhiteElo "1775"]
[BlackElo "1656"]
[PlyCount "52"]
[EventDate "2013.07.13"]
[EventType "swiss"]
[EventRounds "9"]
[EventCountry "ESP"]
[SourceTitle "CBM 155 Extra"]
[Source "ChessBase"]
[SourceDate "2013.08.26"]
[SourceVersion "1"]
[SourceVersionDate "2013.08.26"]
[SourceQuality "1"]

1. e4 e5 2. Nf3 Nc6 3. Bb5 a6 4. Ba4 b5 5. Bb3 Nf6 6. 0-0 Bc5 7. Nxe5 Nxe5 8. d4 Bxd4 9. Qxd4 d6 10. c3 0-0 11. Bg5 Bb7 12. f4 c5 13. Qe3 Neg4 14. Qg3 Kh8 15. h3 Nh6 16. e5 dxe5 17. fxe5 Ne4 18. Bxd8 Nxg3 19. Be7 Rfe8 20. Bxc5 Nxf1 21. Kxf1 Rxe5 22. Bd4 Rf5+ 23. Kg1 Re8 24. Bc2 Re1+ 25. Kh2 Rff1 26. a4 Re2 0-1

[Event "Barcelona Sant Marti op-B 15th"]
[Site "Barcelona"]
[Date "2013.07.13"]
[Round "1"]
[White "Poyato Duran, David"]
[Black "Moreno Perez, Norberto"]
[Result "0-1"]
[WhiteElo "1656"]
[BlackElo "1920"]
[PlyCount "80"]
[EventDate "2013.07.13"]
[EventType "swiss"]
[EventRounds "9"]
[EventCountry "ESP"]
[SourceTitle "CBM 155 Extra"]
[Source "ChessBase"]
[SourceDate "2013.08.26"]
[SourceVersion "1"]
[SourceVersionDate "2013.08.26"]
[SourceQuality "1"]

1. d4 d5 2. c4 c6 3. Nc3 Nf6 4. Bg5 Qb6 5. Qc2 Nbd7 6. e3 h6 7. Bh4 Qa5 8. cxd5 Nxd5 9. a3 e6 10. Rc1 b5 11. Nf3 Bb7 12. Be2 Bd6 13. 0-0 0-0 14. Ne4 Bc7 15. Nfd2 Rac8 16. Nb3 Qa4 17. Nbc5 Qxc2 18. Rxc2 Nxc5 19. Nxc5 Ba8 20. Rfc1 a5 21. Nd7 Rfe8 22. Bxb5 cxb5 23. e4 Nf4 24. f3 Ne2+ 25. Rxe2 Bxh2+ 26. Kxh2 Rxc1 27. Nc5 a4 28. Rd2 f6 29. Nd3 Rc4 30. Nb4 Kf7 31. Bg3 Rd8 32. d5 exd5 33. exd5 Rxb4 34. axb4 Rxd5 35. Rxd5 Bxd5 36. Kh3 Be6+ 37. Kh4 g5+ 38. Kh5 Kg7 39. Bd6 f5 40. Be5+ Kh7 0-1

[Event "Barcelona Tancat Sant Marti 3rd"]
[Site "Barcelona"]
[Date "2011.03.11"]
[Round "7.4"]
[White "Poyato Duran, David"]
[Black "Romero Gamez, Francisco Javier"]
[Result "0-1"]
[WhiteElo "1700"]
[BlackElo "1744"]
[PlyCount "70"]
[EventDate "2011.03.08"]
[EventType "tourn"]
[EventRounds "9"]
[EventCountry "ESP"]
[SourceTitle "EXT 2024"]
[Source "ChessBase"]
[SourceDate "2023.10.10"]
[SourceVersion "1"]
[SourceVersionDate "2023.10.10"]
[SourceQuality "1"]

1. d4 d5 2. c4 dxc4 3. Nc3 e6 4. e4 c5 5. Nf3 Nc6 6. Be3 cxd4 7. Nxd4 Nxd4 8. Qxd4 Qxd4 9. Bxd4 Ne7 10. Bxc4 Nc6 11. Be3 Bb4 12. Rc1 0-0 13. 0-0 Ne5 14. Bb5 a6 15. Ba4 Nd3 16. Rc2 b5 17. Rd1 Nxb2 18. Rd4 Bxc3 19. Rxc3 Nxa4 20. Rc7 e5 21. Rd5 f6 22. f3 Be6 23. Rd6 Bf7 24. Rdd7 Rad8 25. Re7 Nb2 26. Bb6 Nc4 27. Bc5 h5 28. Ra7 h4 29. Rec7 Rd1+ 30. Kf2 Rfd8 31. f4 R8d2+ 32. Kf3 Bh5+ 33. g4 hxg3+ 34. Kxg3 Rg1+ 35. Kh4 Rxh2# 0-1